Invertebrate fauna of Korea (Registro nro. 20170)

Detalles MARC
000 -CABECERA
Campo de control 00860nas a2200229 a 4500
005 - FECHA Y HORA DE LA ULTIMA TRANSACCION
Campo de control 20180424070429.0
008 - ELEMENTOS DE LONGITUD FIJA—INFORMACION GENERAL
Campo de control 180424s2015 ko uu|m|r|||| 00| 0 eng d
040 ## - FUENTE DE CATALOGACIÓN
Agencia catalogadora original CO-BoIAVH
Agencia transcriptora CO-BoIAVH
041 0# - IDIOMA
Código de idioma para texto/pista de sonido o título separado Inglés
044 ## - PAÍS DE PUBLICACIÓN
País de publicación Corea (Sur)
245 00 - MENCION DE TITULO
Título Invertebrate fauna of Korea
260 ## - PUBLICACION, DISTRIBUCION, ETC. (PIE DE IMPRENTA)
Lugar de publicación, distribución, etc. Incheon (Corea del Sur) :
Nombre del editor, distribuidor, etc. National Institute of Biological Resources,
Fecha de publicación, distribución, etc. 2015.
300 ## - DESCRIPCION FISICA
Otros detalles físicos ilustraciones (algunas a color) ;
Dimensiones 28 cm.
310 ## - FRECUENCIA ACTUAL DE LA PUBLICACIÓN
Frecuencia actual de la publicación Desconocido
321 ## - FRECUENCIA ANTERIOR DELA PUBLICACIÓN
Frecuencia anterior de la publicación Desconocido
500 ## - NOTA GENERAL
Nota general Serie: Fauna and flora of Korea.
504 ## - NOTA DE BIBLIOGRAFIA, ETC.
Nota de bibliografía Incluye referencias bibliográficas.
650 26 - ASIENTO SECUNDARIO DE MATERIA - TERMINO TEMATICO
Término temático o nombre geográfico como elemento de entrada Invertebrados
Subdivisión geográfica Corea del Sur
Subdivisión de forma Publicaciones periódicas
9 (RLIN) 90952
650 26 - ASIENTO SECUNDARIO DE MATERIA - TERMINO TEMATICO
Término temático o nombre geográfico como elemento de entrada Invertebrados
Subdivisión general Taxonomía
Subdivisión geográfica Corea del Sur
Subdivisión de forma Publicaciones periódicas
9 (RLIN) 90953
710 2# - ASIENTO SECUNDARIO - NOMBRE CORPORATIVO
Nombre corporativo o de jurisdicción como elemento de entrada República de Corea
Unidad subordinada Ministry of Environment
-- National Institute of Biological Resources
9 (RLIN) 90954
942 ## - ELEMENTOS ADICIONALES (KOHA)
Sistema de clasificación Local
Tipo de ítem Periodica o revista
Existencias
Withdrawn status Lost status Sistema de Clasificación Damaged status No para préstamo Colección Fecha publicación (Año) Volumen revista Número revista Ubicación Permanente Ubicación actual Fecha de adquisición Datos de publicación Seriada Total Checkouts Número topográfico Inventario / Código de Barras Date last seen Ejemplar Price effective from Forma de adquisición Tipo de material Public note Inventariado
    Local     Hemeroteca 2015 21 41 Bogotá Bogotá 24/04/2018 Vol 21, Nro 41 (30/11/2015)   SE 043098 24/04/2018 Ej. 1 24/04/2018 Donación Periodica o revista Anthropoda: Crustacea: Decapoda: Brachyura: Majoidea  
    Local     Hemeroteca 2015 21 40 Bogotá Bogotá 24/04/2018 Vol 21, Nro 40 (30/11/2015)   SE 043099 24/04/2018 Ej. 1 24/04/2018 Donación Periodica o revista Anthropoda: Maxillopoda: Copepoda: Cyclopoida  
    Local     Hemeroteca 2015 10 1 Bogotá Bogotá 24/04/2018 Vol 10, Nro 1 (30/11/2015)   SE 043100 24/04/2018 Ej. 1 24/04/2018 Donación Periodica o revista Rotifera: Eurotatoria: Bdelloidea: Philodinida: Habrotrochidae, Philodinidae  
    Local     Hemeroteca 2015 1 2 Bogotá Bogotá 24/04/2018 Vol 1, Nro 2 (30/112015)   SE 043101 24/04/2018 Ej. 1 24/04/2018 Donación Periodica o revista Ciliophora: Phostciliodesmatphora, Intramacronucleata.  
    Local     Hemeroteca 2017 21 43 Bogotá Bogotá 20/09/2018 Vol 21, Nro 43 (07/02//2017)   SE 030340 20/09/2018 Ej. 1 20/09/2018 Donación Periodica o revista Hermit crabs II. Inventariado 2018
    Local     Hemeroteca 2017 19 4 Bogotá Bogotá 20/09/2018 Vol 19, Nro 4 (07/02/2017)   SE 030341 20/09/2018 Ej. 1 20/09/2018 Donación Periodica o revista Gastropods III. Inventariado 2018
    Local     Hemeroteca 2017 10 2 Bogotá Bogotá 20/09/2018 Vol 10, Nro 2 (01/02/2017)   SE 030342 20/09/2018 Ej. 1 20/09/2018 Donación Periodica o revista Rotifera II. Inventariado 2018
    Local     Hemeroteca 2017 21 42 Bogotá Bogotá 20/09/2018 Vol 21, Nro 42 (01/02/2017)   SE 030343 20/09/2018 Ej. 1 20/09/2018 Donación Periodica o revista Spiders II.